Report of the Habitats and Wild Birds Directives Implemenation Review (Record no. 83866)
[ view plain ]
| 000 -LEADER | |
|---|---|
| fixed length control field | 01261cad a22001935a 4500 |
| 001 - CONTROL NUMBER | |
| control field | L155456 |
| 008 - FIXED-LENGTH DATA ELEMENTS--GENERAL INFORMATION | |
| fixed length control field | 120323e2012 xxk 000 0 eng d |
| 035 ## - SYSTEM CONTROL NUMBER | |
| System control number | (Sirsi) u155456 |
| 041 0# - LANGUAGE CODE | |
| Language code of text/sound track or separate title | eng |
| 110 2# - MAIN ENTRY--CORPORATE NAME | |
| Corporate name or jurisdiction name as entry element | United Kingdom |
| Subordinate unit | Department for Environment, Food and Rural Affairs |
| 245 00 - TITLE STATEMENT | |
| Title | Report of the Habitats and Wild Birds Directives Implemenation Review |
| Medium | [electronic resource] |
| 260 ## - PUBLICATION, DISTRIBUTION, ETC. | |
| Place of publication, distribution, etc. | London |
| Name of publisher, distributor, etc. | DEFRA |
| Date of publication, distribution, etc. | 2012 |
| 520 ## - SUMMARY, ETC. | |
| Summary, etc. | Report sets out the conclusions of the government's review into the Habitats and Wild Birds Directives as currently implemented in England. The review found that in the majority of cases the operation of the directive is working well but some cases do encounter delays. Four key areas have been identified where change will improve the implementation of the Directives; facilitating nationally significant infrastructure projects, improving implementation processes and streamlining guidance, improving the quality, quantity and sharing of data and improving the customer experience. |
| 590 ## - LOCAL NOTE (RLIN) | |
| Local note | KA NTK |
| 651 #4 - SUBJECT ADDED ENTRY--GEOGRAPHIC NAME | |
| Geographic name | England |
| Chronological subdivision | 886- |
| 690 ## - LOCAL SUBJECT ADDED ENTRY--TOPICAL TERM (OCLC, RLIN) | |
| Topical term or geographic name as entry element | Environment |
| 9 (RLIN) | 6238 |
| 856 40 - ELECTRONIC LOCATION AND ACCESS | |
| Uniform Resource Identifier | <a href="https://www.defra.gov.uk/publications/files/pb-13724-habitats-review-report.pdf">https://www.defra.gov.uk/publications/files/pb-13724-habitats-review-report.pdf</a> |
| Public note | View the report free of charge at www.defra.gov.uk |
| 942 ## - ADDED ENTRY ELEMENTS (KOHA) | |
| Suppress in OPAC | 0 |
| Withdrawn status | Lost status | Source of classification or shelving scheme | Damaged status | Not for loan | Home library | Current library | Shelving location | Date acquired | Total Checkouts | Full call number | Barcode | Date last seen | Copy number | Price effective from | Koha item type |
|---|---|---|---|---|---|---|---|---|---|---|---|---|---|---|---|
| Dewey Decimal Classification | Virtual | Virtual | Online | 23/03/2012 | ONLINE PUBLICATION | 155456-2001 | 06/08/2019 | 1 | 06/08/2019 | Book |